00763cam a22002411a 4500001001300000003000400013005001700017008004100034010001700075035002000092040001800112042001200130043001200142050001900154110005000173245009100223260004900314300002800363500001700391650005000408650004600458999001700504agr62000361 DLC20260227111021.0940209s1962 dcua 000 0 eng  aagr62000361  a(OCoLC)29770723 aDLCcNbUdDLC apremarc an-us---00aHD9004b.A53451 aUnited States.bForeign Agricultural Service.10aMoving agricultural abundance into consumption /cOffice of the General Sales Manager. aWashington :bU.S. Govt. Print. Off.,c1962. a38 p. :bill. ;c28 cm. aCover title. 0aAgriculturexEconomic aspectszUnited States. 0aProduce tradezUnited StatesvStatistics. c11835d11835